LEADER 00747nam a2200217 i 4500 001 000000177423 003 CaOOAMICUS 005 20090204000000.0 008 090204s1929 it u000 u ita u 013 $a154957 040 $aSeMil$bita 100 1 $aDe Regibus, Luca.$0(OLS)http://semarc/name/66020 245 10$aTacito /$cLuca De Regibus. 260 $aMilano :$bAthena,$c1929. 300 $a152 p. ;$c18 cm. 490 0 $aLa coltura classica 830 3$aLa coltura classica.$0(OLS)http://semarc/title/14467 850 $aSeMil 852 $aSeMil$W1$xVenegono$y1$m1Z II 110$j128234$B128234$CSeMilBibl$Z2$F139080 $81 996 $6245$aTacito$9(OLS)http://semarc/title/36157 996 $6260$aMilano :$bAthena$9(OLS)http://semarc/publisher/30183 LEADER 00847nam a2200217 i 4500 001 000000233701 003 CaOOAMICUS 005 20140924000000.0 008 140924s1886 it u000 u ita u 013 $a212604 040 $aSeMil$bita 245 10$aVol. 1. 260 $aMilano :$bUlrico Hoepli,$c1886. 300 $aVII, 176 p. :$bill. ;$c16 cm. 490 0 $aManuali Hoepli ;$v. 773 0 $aFerrini, Rinaldo <1831-1908>$tScaldamento e ventilazione degli ambienti abitati.$dMilano : Ulrico Hoepli, 1886.$kManuali Hoepli$g1$w()30577 830 0$aManuali Hoepli ;$v.$0(OLS)http://semarc/title/7639 850 $aSeMil 852 $aSeMil$W1$xVenegono$y1$m2ZA III 6 FA$j184047$B184047$CSeMilBibl$Z2$F194843 $8I 996 $6245$aVol. 1$9(OLS)http://semarc/title/13429 996 $6260$aMilano :$bUlrico Hoepli$9(OLS)http://semarc/publisher/29765